Facts and figures of Japan.
| Format: | Book |
|---|---|
| Published: |
Tokyo:
Foreign Press Center/Japan,
1997.
|
| Subjects: |
| LEADER | 00435cam a2200157 7i4500 | ||
|---|---|---|---|
| 001 | 0000006821 | ||
| 005 | 19991025090000.0 | ||
| 002 | ##000008539 | ||
| 020 | 0 | 0 | |a T000006426 |
| 090 | 0 | 0 | |a STAT 310.9 |b FAC (JAPN) |
| 245 | 0 | 0 | |a Facts and figures of Japan. |
| 260 | 0 | 0 | |a Tokyo: |b Foreign Press Center/Japan, |c 1997. |
| 300 | 0 | 0 | |a 109 p.. |
| 650 | 0 | 0 | |a Japan -- |x Statistics |
| 651 | 0 | 0 | |a Japan |
| 999 | |a 0000009821 |b Book |c Open shelf |e Business Information Centre | ||